| 000 | 01675nam a22001937a 4500 | ||
|---|---|---|---|
| 999 |
_c64150 _d64150 |
||
| 003 | Ge_BSU | ||
| 005 | 20260421165028.0 | ||
| 008 | 260421s2026 ge ||||| |||| 00| 0 geo d | ||
| 041 | _ageo | ||
| 080 | _a821.111 ფ-66 | ||
| 100 |
_aფოფხაძე, თამთა _927342 |
||
| 245 |
_aანალიტიკური ტერმინების ქმნადობის კრიტიკული ანალიზი საერტაშორისო ტერმინოლოგიური სტანდარტების მიხედვით (მიგრაციის ევროპული ქსელის (EMN) ტერმინთა განმარტებითი ლექსიკონის მასალაზე) _bდისერტაცია / _cთამთა ფოფხაძე; სამეცნიერო ხელმძღვანელი ჟუჟუნა გუმბარიძე;ბსუ. ჰუმანიტარულ მეცნიერებათა ფაკულტეტი. ევროპეისტიკის დეპარტამენტი. |
||
| 264 |
_aბათუმი, _c2026. |
||
| 300 |
_a233 გვ.: _bილ.; _c30 სმ. |
||
| 504 | _aბიბლიოგრ. გვ.227-232 | ||
| 700 |
_aგუმბარიძე, ჟუჟუნა _eსამეცნიერო ხელმძღვანელი _927343 |
||
| 710 |
_aბსუ. ჰუმანიტარულ მეცნიერებათა ფაკულტეტი. _bევროპეისტიკის დეპარტამენტი. _925564 |
||
| 942 |
_2udc _cDS |
||